| 000 | 01016nam a2200229 4500 | ||
|---|---|---|---|
| 003 | CO-ViMGA | ||
| 020 | _a9789585667303 | ||
| 040 |
_aCO-ViMGA _bspa _cCO-ViMGA |
||
| 090 | _aT NAV4 | ||
| 100 | 1 |
_aNavarro Durán, Rosa, _d1947 _913254 |
|
| 245 | 1 | 0 |
_aRomeo y Julieta de William Shakespeare _c/ adaptación de Rosa Navarro Durán ; ilustraciones de Iban Barrenetxea |
| 260 |
_aBogotá _bAll Books |
||
| 300 |
_a137 páginas : _bilustraciones en color;23 cm |
||
| 490 | _aPlan Nacional de Lectura y Escritura Leer es mi cuento / Ministerio de Cultura | ||
| 500 | _aAdaptación de la obra original de William Shakespeare \ Recomendado para un público mayor de 15 años \ Incluye datos biográficos de William Shakespeare al final del texto | ||
| 650 | 1 | 4 |
_aAmor - Teatro _95707 |
| 650 | 1 | 4 |
_aLiteratura Inglesa - Adaptaciones Literarias _913255 |
| 650 | 1 | 4 |
_aTeatro Ingles - Adaptaciones _913256 |
| 650 | 1 | 4 |
_aTeatro Juvenil - Adaptaciones Literarias _913257 |
| 700 | 1 |
_aBarrenetxea, Iban _913258 |
|
| 942 |
_2ddc _cBK |
||
| 999 |
_c8565 _d8565 |
||